000
00280nam a2200121Ia 4500
008
190216s9999||||xx |||||||||||||| ||und||
100
_a
Deepak Rao
245
0
_a
Create Personalities Of India
260
_b
Dolphin Publication
300
_a
162
650
_a
History
942
_c
BK
999
_c
20572
_d
20572